Tabellenendstand der Bundesligasaison 2000/01 - Statistiken

Allgemein
  • Dieses Quiz wurde 51 mal gespielt
  • Das Durchschnittsergebnis liegt bei 8 aus 18
Antwortstatistiken
Platz Punkte Mannschaft % Korrekt
1 63 Bayern München
100%
2 62 Schalke
80%
3 58 Dortmund
73%
4 57 Leverkusen
68%
5 56 Hertha
50%
7 53 Bremen
45%
8 50 Kaiserslautern
39%
18 27 Bochum
34%
6 55 Freiburg
34%
13 41 HSV
34%
10 46 Köln
34%
17 35 Frankfurt
32%
15 38 Stuttgart
32%
12 43 Rostock
30%
16 35 Unterhaching
30%
9 47 Wolfsburg
30%
14 39 Cottbus
23%
11 44 1860 München
20%
Keine übereinstimmenden Quizze gefunden
Verteilung der Resultate
Anzahl Personen mit jedem Resultat
Perzentil nach korrekt beantworteten Fragen
Ihre Resultats-Entwicklung
Sie haben dieses Quiz noch nicht gespielt